বাইবেল কোরআন ও বিজ্ঞান / (Record no. 6671)
[ view plain ]
| 000 -LEADER | |
|---|---|
| fixed length control field | 00769nam a2200241 a 4500 |
| 001 - CONTROL NUMBER | |
| JCCL Control Number | 6671 |
| 003 - CONTROL NUMBER IDENTIFIER | |
| JCCL marc code | BD-JhCC |
| 005 - DATE AND TIME OF LATEST TRANSACTION | |
| control field | 20200413134008.0 |
| 008 - FIXED-LENGTH DATA ELEMENTS--GENERAL INFORMATION | |
| fixed length control field | 180128s1988 bg |||| ||a| 000 0 ben d |
| 035 ## - SYSTEM CONTROL NUMBER | |
| system control number | (BD-JhCC)6671 |
| 040 ## - CATALOGING SOURCE | |
| Original cataloging agency | BD-JhCC |
| Modifying agency | BD-JhCC |
| 041 ## - LANGUAGE CODE | |
| Language code of Book | ben |
| 082 ## - DEWEY DECIMAL CLASSIFICATION NUMBER | |
| Classification number | 215 |
| Author mark and Year | BUK 1988 |
| 100 ## - MAIN ENTRY--PERSONAL NAME | |
| Personal name | বুকাইলি, মরিস |
| 245 ## - TITLE STATEMENT | |
| Title | বাইবেল কোরআন ও বিজ্ঞান / |
| Statement of responsibility, etc | মরিস বুকাইলি, |
| 260 ## - PUBLICATION, DISTRIBUTION, ETC. (IMPRINT) | |
| Place of publication, distribution, etc | ঢাকা : |
| Name of publisher, distributor, etc | রংপুর পাবলিকেশন্স লিমিটেড, |
| Date of publication, distribution, etc | 1988 |
| 300 ## - PHYSICAL DESCRIPTION | |
| Pagination | 402 p. : |
| Dimensions | 24 cm. |
| 650 ## - SUBJECT ADDED ENTRY--TOPICAL TERM | |
| Topical term or geographic name as entry element | Quran and Science |
| 650 ## - SUBJECT ADDED ENTRY--TOPICAL TERM | |
| Topical term or geographic name as entry element | Bible and Science |
| 700 ## - ADDED ENTRY--PERSONAL NAME | |
| Personal name | আলম, আখতার-উল্ |
| 942 ## - ADDED ENTRY ELEMENTS (KOHA) | |
| Source of classification or shelving scheme | Dewey Decimal Classification |
| Koha item type | Books |
| Koha issues (borrowed), all copies | 4 |
| Source of classification or shelving scheme | Damaged status | Not for loan | Home library | Current library | Shelving location | Date of accession | Cost, normal purchase price | Total Checkouts | Full call number | Barcode | Date last seen | Date checked out | Copy number | Koha item type | Source of acquisition | Method of acquisition | Currency |
|---|---|---|---|---|---|---|---|---|---|---|---|---|---|---|---|---|---|
| Dewey Decimal Classification | JCC Rouf Library | JCC Rouf Library | General Stacks | 01/28/2018 | 150.00 | 3 | 215 BUK 1988 | 8963 | 04/12/2020 | 04/12/2020 | C-1 | Books | |||||
| Dewey Decimal Classification | JCC Rouf Library | JCC Rouf Library | General Stacks | 450.00 | 6 | 215 BUK 2022 | 19732 | 12/17/2025 | 10/08/2025 | C-2 | Books | With the compliments of Maj (Retd) Syed Sakhawat Hussain,07/0388/K | Gift/Donation | BDT |